| 000 | 00740nam a2200217Ia 4500 | ||
|---|---|---|---|
| 005 | 20221118103158.0 | ||
| 008 | 210716s2013 xx 000 0 und d | ||
| 020 | _a9788132211372 | ||
| 040 | _cAIMIT LIBRARY | ||
| 041 | _aeng | ||
| 082 |
_a621.3821 _22 _bJACW |
||
| 100 |
_aJackson, Wallace. _962568 |
||
| 245 |
_aAndroid apps for absolute beginners / _cBy Wallace Jackson |
||
| 250 | _a2nd ed. | ||
| 260 |
_aNew Delhi : _bSpringer , _c2013. |
||
| 300 |
_axxiii, 378p. ; _c24 cm. |
||
| 650 |
_aSetting up your android development environment _962569 |
||
| 650 |
_aIntroducing the android software development platform _962570 |
||
| 650 |
_aIntroduction to graphics resources in android _962571 |
||
| 942 |
_2ddc _cBK _e2nd _k621.3821 JACW |
||
| 999 |
_c193456 _d193456 |
||